书目信息 |
| 题名: |
科学教育电影创作谈
|
|
| 作者: | ;文化部电影局电影通讯编辑室 编 | |
| 分册: | ||
| 出版信息: | 北京 中国电影出版社 1982 |
|
| 页数: | 141页 | |
| 开本: | 20cm | |
| 丛书名: | ||
| 单 册: | ||
| 中图分类: | J953 | |
| 科图分类: | ||
| 主题词: | 科学教育片-创作方法 , 创作方法-科学教育片 | |
| 电子资源: | ||
| ISBN: | ||
| 000 | 00713nam0 2200229 45 | |
| 001 | 0182000078 | |
| 005 | 20060731170258.76 | |
| 010 | @dCNY0.59 | |
| 091 | @aCN@b8061.1821 | |
| 100 | @a19960215d1982 em y0chiy0121 ea | |
| 101 | 0 | @achi |
| 102 | @aCN@b110000 | |
| 105 | @ay z 000yy | |
| 200 | 10 | @a科学教育电影创作谈@Ake xue jiao yu dian ying chuang zuo tan@f文化部电影局《电影通讯》编辑室等编 |
| 210 | @a北京@c中国电影出版社@d1982 | |
| 215 | @a141页@d20cm | |
| 606 | @a科学教育片-创作方法 | |
| 606 | @a创作方法-科学教育片 | |
| 690 | @aJ953@v3 | |
| 711 | 02 | @a文化部电影局电影通讯编辑室@Awen hua bu dian ying ju dian ying tong xun bian ji shi@4编 |
| 801 | 0 | @aCN@bTSSF@c20060731 |
| 905 | @a10447@dJ953@e129 | |
| 科学教育电影创作谈/文化部电影局《电影通讯》编辑室等编.-北京:中国电影出版社,1982 |
| 141页;20cm |
| ISBN :CNY0.59 |
| ● |
| 相关链接 |
|
|
|
|
正题名:科学教育电影创作谈
索取号:J953/129
 
预约/预借
| 序号 | 登录号 | 条形码 | 馆藏地/架位号 | 状态 | 备注 |
| 1 | 0443812 | 204438126 | 密集书库/ [索取号:J953/129] | 在馆 | |
| 2 | 0443961 | 204439615 | 密集书库/ [索取号:J953/129] | 在馆 | |
| 3 | 0443962 | 204439624 | 密集书库/ [索取号:J953/129] | 在馆 | |
| 4 | 0443963 | 204439633 | 密集书库/ [索取号:J953/129] | 在馆 |